| 000 | 00695nam a2200229 a 4500 | ||
|---|---|---|---|
| 001 | 000020081 | ||
| 005 | 20200929170246.0 | ||
| 008 | 100720s2004 cu 000 0 spa d | ||
| 020 | _a9789590304156 | ||
| 040 |
_aDO-SdBNP _bspa _cBNPHU |
||
| 082 |
_aN861.3 _bD218p 2004 |
||
| 100 | 1 |
_aDarío, Rubén, _d1867-1916 _915535 |
|
| 245 | 1 | 0 |
_aPoesía / _cRubén Darío ; edición Dania Pérez Rubio. |
| 250 | _a3a. ed. | ||
| 260 |
_aLa Habana : _bArte y Literatura, _c2004. |
||
| 300 |
_a559 p. ; _c23 cm. |
||
| 650 | 4 |
_aPoesía nicaraguense _98179 |
|
| 650 | 4 |
_aProsa nicaraguense _914076 |
|
| 650 | 4 |
_aLiteratura nicaraguense _98180 |
|
| 700 | 1 |
_aPérez Rubio, Dania, _eed. _95482 |
|
| 049 | _aBNPD | ||
| 999 |
_c19589 _d19589 |
||